[Event "Oskarja Memorial 10th"]
[Site "Chess.com INT"]
[Date "2021.01.16"]
[Round "1"]
[White "Kotnik, Janez"]
[Black "Peric, Bernard"]
[Result "0-1"]
[WhiteElo "1809"]
[BlackElo "2196"]
[PlyCount "58"]
[EventDate "2021.01.16"]
[EventType "swiss (blitz)"]
[EventRounds "15"]
[EventCountry "SLO"]
[SourceTitle "CBM 200 Extra"]
[Source "ChessBase"]
[SourceDate "2021.03.31"]
[SourceVersion "1"]
[SourceVersionDate "2021.03.31"]
[SourceQuality "1"]

1. e4 d5 2. exd5 Qxd5 3. d4 Nf6 4. Nc3 Qd8 5. h3 Bf5 6. Nf3 e6 7. Bc4 c6 8. Bg5 Be7 9. Qd2 Nbd7 10. Bb3 Qc7 11. Bf4 Bd6 12. Bg5 h6 13. Bxf6 Nxf6 14. g4 Bh7 15. Qe2 0-0-0 16. 0-0-0 Nd5 17. Bxd5 exd5 18. Kb1 Rhe8 19. Qf1 Bb4 20. Na4 Be4 21. Nh4 Bxh1 22. Qxh1 g6 23. c3 Bd6 24. Ng2 Qe7 25. b3 Qe4+ 26. Ka1 Qc2 27. Qf1 Re2 28. Rd2 Rxd2 29. Qb1 Rd1 0-1

[Event "Oskarja Memorial 10th"]
[Site "Chess.com INT"]
[Date "2021.01.16"]
[Round "10"]
[White "Kotnik, Janez"]
[Black "Skobe, Miran"]
[Result "0-1"]
[WhiteElo "1809"]
[BlackElo "1800"]
[PlyCount "118"]
[EventDate "2021.01.16"]
[EventType "swiss (blitz)"]
[EventRounds "15"]
[EventCountry "SLO"]
[SourceTitle "CBM 200 Extra"]
[Source "ChessBase"]
[SourceDate "2021.03.31"]
[SourceVersion "1"]
[SourceVersionDate "2021.03.31"]
[SourceQuality "1"]

1. e4 g6 2. Nf3 Bg7 3. h3 d6 4. d4 Nd7 5. Nc3 a6 6. a3 b6 7. Bc4 e6 8. Qe2 Ne7 9. Bg5 0-0 10. 0-0-0 Bb7 11. Qe3 b5 12. Bb3 Nb6 13. h4 Nc4 14. Bxc4 bxc4 15. h5 f6 16. Bh6 g5 17. Bxg7 Kxg7 18. e5 Nf5 19. exf6+ Qxf6 20. Qe2 g4 21. Nh2 Qg5+ 22. Kb1 Rae8 23. Nxg4 h6 24. f3 Ng3 25. Qxc4 Nxh1 26. Rxh1 Rf7 27. Rf1 Qxh5 28. Qd3 Qf5 29. Qd2 Qg5 30. Qd3 Ref8 31. Rh1 h5 32. Ne3 e5 33. d5 Bc8 34. Ne4 Qg6 35. Qe2 Bf5 36. Nxf5+ Rxf5 37. Rg1 Rf4 38. Qxa6 R8f7 39. Qd3 Qf5 40. Qe3 Qg6 41. c4 Kh7 42. b4 h4 43. Kb2 Rg7 44. Qe2 Kg8 45. a4 Qf5 46. a5 h3 47. g4 Qf7 48. Nd2 e4 49. fxe4 Rf2 50. Qd3 Qf6+ 51. Kb3 h2 52. Rh1 Rxg4 53. b5 Rgg2 54. Rd1 h1Q 55. Rxh1 Rxd2 56. Qb1 Rb2+ 57. Ka4 Rxb1 58. Rxb1 Qc3 59. a6 Ra2# 0-1

[Event "Oskarja Memorial 10th"]
[Site "Chess.com INT"]
[Date "2021.01.16"]
[Round "12"]
[White "Kvaternik, Kresimir"]
[Black "Kotnik, Janez"]
[Result "1-0"]
[WhiteElo "1881"]
[BlackElo "1809"]
[PlyCount "67"]
[EventDate "2021.01.16"]
[EventType "swiss (blitz)"]
[EventRounds "15"]
[EventCountry "SLO"]
[SourceTitle "CBM 200 Extra"]
[Source "ChessBase"]
[SourceDate "2021.03.31"]
[SourceVersion "1"]
[SourceVersionDate "2021.03.31"]
[SourceQuality "1"]

1. e4 d5 2. exd5 Qxd5 3. Nc3 Qa5 4. Nf3 a6 5. d4 Nc6 6. Be2 Bg4 7. 0-0 e6 8. d5 0-0-0 9. Ng5 Bxe2 10. Qxe2 exd5 11. Nxf7 Nf6 12. Nxh8 Bd6 13. Nf7 Re8 14. Nxd6+ cxd6 15. Qf3 d4 16. Nd1 h5 17. Bf4 Ne5 18. Bxe5 dxe5 19. Qf5+ Kb8 20. c3 Qb6 21. Rb1 Qd6 22. cxd4 exd4 23. g3 Re5 24. Qf4 Qd5 25. b3 Ka8 26. Nb2 Rf5 27. Qd2 d3 28. Qxd3 Qc6 29. Nc4 Rg5 30. Qd6 Qf3 31. Rbd1 h4 32. Qd8+ Ka7 33. Qb6+ Kb8 34. Rd8# 1-0

[Event "Oskarja Memorial 10th"]
[Site "Chess.com INT"]
[Date "2021.01.16"]
[Round "2"]
[White "Leonardi, Michele"]
[Black "Kotnik, Janez"]
[Result "0-1"]
[WhiteElo "1693"]
[BlackElo "1809"]
[PlyCount "22"]
[EventDate "2021.01.16"]
[EventType "swiss (blitz)"]
[EventRounds "15"]
[EventCountry "SLO"]
[SourceTitle "CBM 200 Extra"]
[Source "ChessBase"]
[SourceDate "2021.03.31"]
[SourceVersion "1"]
[SourceVersionDate "2021.03.31"]
[SourceQuality "1"]

1. e4 d5 2. exd5 Qxd5 3. Nc3 Qa5 4. d4 Nc6 5. Nf3 Bg4 6. Be2 e6 7. 0-0 h5 8. Ne5 Nxe5 9. dxe5 Qxe5 10. Bxg4 hxg4 11. g3 Qh5 0-1

[Event "Oskarja Memorial 10th"]
[Site "Chess.com INT"]
[Date "2021.01.16"]
[Round "14"]
[White "Slejko, Vladimir"]
[Black "Kotnik, Janez"]
[Result "0-1"]
[WhiteElo "1894"]
[BlackElo "1809"]
[PlyCount "110"]
[EventDate "2021.01.16"]
[EventType "swiss (blitz)"]
[EventRounds "15"]
[EventCountry "SLO"]
[SourceTitle "CBM 200 Extra"]
[Source "ChessBase"]
[SourceDate "2021.03.31"]
[SourceVersion "1"]
[SourceVersionDate "2021.03.31"]
[SourceQuality "1"]

1. b3 d5 2. Bb2 Nc6 3. g3 e5 4. Bg2 Bf5 5. d3 Nf6 6. a3 d4 7. h3 Qd7 8. Nd2 0-0-0 9. b4 a6 10. Nb3 Re8 11. Qd2 h6 12. g4 Bg6 13. 0-0-0 Rd8 14. Kb1 Be7 15. e4 dxe3 16. fxe3 Nd5 17. Qf2 Bg5 18. Bxd5 Qxd5 19. Nf3 Be7 20. e4 Qe6 21. Nc5 Bxc5 22. Qxc5 f6 23. Rhf1 b6 24. Qe3 Bf7 25. Nd2 Qa2+ 26. Kc1 Nd4 27. Nb1 a5 28. Nc3 Qe6 29. bxa5 bxa5 30. Nd5 c6 31. Nb6+ Kb7 32. Nc4 Ka6 33. Kd2 c5 34. Rb1 Rb8 35. Bxd4 cxd4 36. Qg1 Qc6 37. Rxb8 Rxb8 38. Rb1 Rxb1 39. Qxb1 Bxc4 40. dxc4 Qxc4 41. Qb8 Qc3+ 42. Kc1 Qxa3+ 43. Kd2 Qb4+ 44. Qxb4 axb4 45. h4 Kb5 46. h5 Kc4 47. Kc1 Kc3 48. Kb1 b3 49. cxb3 Kxb3 50. Kc1 Kc3 51. Kd1 Kd3 52. Ke1 Kxe4 53. Kf2 Kf4 54. Kg2 Kxg4 55. Kh2 Kxh5 0-1